000 00335pab a2200145 454500
008 180718b1987 xxu||||| |||| 00| 0 eng d
100 _aMajumdar, S.R.
245 _aCurbing terrorism - a policeman's view
260 _c1987
300 _a1-3
362 _aJuly
650 _aTerrorism
773 _aC.B.I. Bulletin
909 _a19285
999 _c19285
_d19285